Diccionario Lexus de medicina y ciencias de la salud (Registro nro. 5230)
[ vista simple ]
| 000 -Cabecera | |
|---|---|
| Campo de control de longitud fija | 00422aam a2200169 4500 |
| 005 - Fecha y hora de la última transacción | |
| Campo de control | 20250219155834.0 |
| 008 - Elementos de longitud fija--Información general | |
| Campo de control de longitud fija | 150507b2015 xxu||||| |||| 00| 0 spa d |
| 041 ## - Idioma | |
| Código de idioma | Español |
| 082 ## - Clasificación Decimal Dewey | |
| Número de clasificación | R 610.03 D545d |
| 245 ## - Título propiamente dicho | |
| Título | Diccionario Lexus de medicina y ciencias de la salud |
| 260 ## - Pie de imprenta | |
| Lugar de publicación, distribución, etc. | España |
| Nombre del editor, distribuidor, etc. | Lexus |
| Fecha de publicación, distribución, etc. | 2015 |
| 300 ## - Descripción física | |
| Extensión | 1312 páginas |
| 650 ## - Materia general | |
| Temática (materia general) | DICCIONARIO |
| 650 ## - Materia general | |
| Temática (materia general) | MEDICINA |
| 650 ## - Materia general | |
| Temática (materia general) | SALUD |
| 942 ## - Punto de acceso adicional KOHA | |
| Tipo de ítem KOHA | Referencia |
| Fuente del sistema de clasificación o colocación | Dewey Decimal Classification |
| Signatura completa | Código de barras | Tipo de ítem |
|---|---|---|
| R 610.03 D545d | 19454 | Referencia |